| 000 | 01200nam0a2200325 4500 | ||
|---|---|---|---|
| 001 | RU\NLR\BIBL_A\022506744 | ||
| 005 | 20251128155338.0 | ||
| 010 |
_a978-5-00258-168-9 _9100 |
||
| 021 |
_aRU _bКН-П-25-004725 _9КН-П-25-0452 |
||
| 035 | _a(NLR Aleph) 022506744 | ||
| 090 |
_a13428131 _c13428131 |
||
| 100 | _a20250331d2024 u y0rusy50 ca | ||
| 101 | 0 | _arus | |
| 102 | _aRU | ||
| 105 | _aac g 000zy | ||
| 181 | 0 |
_ai3 _baxxe |
|
| 182 | 0 | _an | |
| 200 | 1 |
_aМожайский район Москвы _eпутеводитель _fВ. А. Чеснок |
|
| 203 |
_aТекст _bвизуальный _cнепосредственный |
||
| 210 |
_aМосква _cПеро _d2024 |
||
| 215 |
_a136 с. _cил., цв. ил., портр. _d21 |
||
| 300 | _aНа обл. авт. не указан | ||
| 320 | _aБиблиогр. в прил.: с. 117-124 | ||
| 607 |
_aМожайский район (Москва, город) _xИстория _92668779 _3RU\NLR\AUTH\6601756806 |
||
| 686 | 1 | _aТ3(2-2М1)0,02 | |
| 700 | 1 |
_aЧеснок _bВ. А. _gВладимир А. |
|
| 942 | _cBOOK | ||
| 980 | _aNB | ||